| 000 | 00652nam a2200241Ia 4500 | ||
|---|---|---|---|
| 003 | OSt | ||
| 005 | 20221007071849.0 | ||
| 006 | a|||||r|||| 00| 0 | ||
| 007 | ta | ||
| 008 | 221006b |||||||| |||| 00| 0 eng d | ||
| 024 | _a10,161 | ||
| 037 | _cReference Collections | ||
| 040 |
_aFLL _cFLL _beng |
||
| 041 |
_2eng _aeng |
||
| 082 | _aV1:2:Z, N6 | ||
| 100 |
_aStone Geoffrey Au. _9689581 |
||
| 245 | 0 | _aConstitutional law | |
| 250 | _a3rd | ||
| 260 |
_aLondon _bLittle, brown and company London _c1996 |
||
| 300 |
_a1813p _ccm. |
||
| 942 |
_hV1:2:Z, N6 _cREF _2CC |
||
| 999 |
_c1144513 _d1144513 |
||